Kamarátka Rozprávka [klasické rozprávky pre deti]

Bibliographic Details
Main Author: Hall, Howard (Author)
Other Authors: Cloke, Rene, 1904-1995 (Illustrator), Bobáková, Magdaléna, 1952- (Translator)
Format: Book
Language:Slovak
English
PhysicalDescription:143 s. fareb. ilustr. 21 cm
Published: Bratislava Junior c1997
ISBN:8071464740
Subjects:

MARC

LEADER 00000cam a2200000 a 4500
001 vtls001318186
003 SK-MaSNL
005 20260301235435.0
008 240702s1997 xo a br 000 j slo
015 |a SNBA1998/05-01654 
020 |a 8071464740 
035 |a SNK000270724 
035 |a urn:nbn:sk:snk-amkh7f 
035 |a urn:nbn:sk:snk-am008gch 
035 |a D843F8FD-C4A9-435D-B511-E8369C3525D4 
040 |a SNK  |b slo  |c SNK  |e AACR2 
041 1 |a slo  |h eng 
044 |a xo  |c SK 
072 7 |a 821.111-3  |x Anglická próza, anglicky písaná  |2 konspekt 
072 7 |a 821-93  |x Literatúra pre deti a mládež (beletria)  |2 konspekt 
080 |a 820-3(087.5)  |2 1981 
080 |a 821.111-34  |2 2011 
080 |a 82-34:808.1  |2 2011 
080 |a 82-93-053.4/.5  |2 2011 
100 1 |a Hall, Howard  |4 aut  |9 44090 
245 1 0 |a Kamarátka Rozprávka  |b [klasické rozprávky pre deti]  |c prerozprával Howard Hall ; ilustroval Rene Cloke ; [preložila Magdaléna Bobáková] 
260 |a Bratislava  |b Junior  |c c1997 
300 |a 143 s.  |b fareb. ilustr.  |c 21 cm 
500 |a Ilustr. na tit. strane 
500 |a Údaj o prekl. prevzatý z front. 
655 7 |a anglické rozprávky  |2 SNKPH  |9 70609 
655 7 |a literatúra pre deti  |2 SNKPH  |9 87135 
655 7 |a autorské rozprávky  |2 SNKPH  |9 70727 
700 1 |a Cloke, Rene,  |d 1904-1995  |4 ill  |9 247151 
700 1 |a Bobáková, Magdaléna,  |d 1952-  |4 trl  |9 36909 
852 |a Slovenská národná knižnica 
919 |a 80-7146-474-0 
954 |a beletria cudzojazyčná (svetová)  |2 lita 
958 |a OND 
958 |a TL 
958 |a UP 
958 |a NS 
958 |a LX 
958 |a DB 
968 |b ENG 
999 |c 975035  |d 976965 
952 |t P60, <03>, [BOOK], {603}  |a SNK  |b SNK  |y PREZ  |7 0  |p 17A0118394  |o snkSC 94932  |i snkKSP 1016/98  |0 0  |1 0  |4 0  |d 1998-01-30  |f 1  |l 0  |r 2025-09-12 00:00:00  |w 2026-02-24 
952 |t P60, <04>, [BOOK], {604}  |a SNK  |b SNK  |y VYP  |7 0  |p 17A0118393  |o snkSC 94932 D1  |i snkKSP 1017/98  |0 0  |1 0  |4 0  |d 1998-01-30  |l 0  |r 2005-01-02 00:00:00  |w 2026-02-24